The 50 States of the United States of America - Statistics

General Stats
  • This quiz has been taken 19,338 times
  • The average score is 37 of 50
Answer Stats
Hint Answer % Correct
N__ Y____ New York
94%
A___ Alabama
91%
C___ California
90%
N__ J_____ New Jersey
89%
F___ Florida
88%
N___ C____ North Carolina
86%
A___ Alaska
85%
N___ D____ North Dakota
85%
S___ C____ South Carolina
85%
S___ D____ South Dakota
85%
T____ Texas
84%
N__ M____ New Mexico
82%
W____ Washington
82%
G___ Georgia
81%
A___ Arkansas
80%
H___ Hawaii
79%
N__ H_____ New Hampshire
79%
W__ V_____ West Virginia
79%
O___ Ohio
78%
V___ Virginia
78%
A___ Arizona
77%
K___ Kansas
77%
U___ Utah
77%
C___ Colorado
75%
R___ I____ Rhode Island
75%
K___ Kentucky
74%
I___ Idaho
73%
I___ Illinois
73%
I___ Indiana
72%
D___ Delaware
70%
M___ Maine
70%
N___ Nevada
70%
O___ Oregon
69%
I___ Iowa
67%
L___ Louisiana
67%
M___ Mississippi
67%
M___ Michigan
66%
W____ Wyoming
66%
M___ Montana
65%
V___ Vermont
65%
P___ Pennsylvania
64%
T____ Tennessee
63%
M___ Maryland
62%
N___ Nebraska
60%
C___ Connecticut
59%
O___ Oklahoma
59%
W____ Wisconsin
59%
M___ Massachusetts
55%
M___ Minnesota
55%
M___ Missouri
54%
No matching quizzes found
Score Distribution
Percent of People with Each Score
Percentile by Number Answered
Your Score History
You have not taken this quiz